[Event "MCR_CF282"]
[Site "?"]
[Date "2003.??.??"]
[Round "?"]
[White "Vladyka, Vaclav"]
[Black "Mazal, Petr"]
[Result "1/2-1/2"]
[WhiteElo "2053"]
[BlackElo "2165"]
[PlyCount "64"]
[EventDate "2003.??.??"]
[EventType "corr"]
[EventRounds "2"]
[SourceDate "2005.03.12"]

1. e4 e5 2. Nf3 Nf6 3. Nxe5 d6 4. Nf3 Nxe4 5. Nc3 Nxc3 6. dxc3 Be7 7. Bf4 O-O
8. Qd2 Nd7 9. O-O-O Nc5 10. Nd4 Re8 11. f3 Ne6 12. h4 Nxf4 13. Qxf4 d5 14. Nf5
Bc5 15. Bd3 Bxf5 16. Qxf5 g6 17. Qh3 h5 18. g4 Re5 19. Qg3 Qd6 20. Kb1 Rd8 21.
gxh5 Rxh5 22. f4 Qb6 23. Be2 Bf2 24. Qg2 Rxh4 25. Qg5 Re8 26. Rxh4 Bxh4 27.
Qxh4 Rxe2 28. Rh1 Kf8 29. Qg5 Qf2 30. Rh8+ Kg7 31. Qh6+ Kf6 32. Qg5+ Kg7
1/2-1/2

[Event "MCR_CF282"]
[Site "?"]
[Date "2003.??.??"]
[Round "?"]
[White "Vladyka, Vaclav"]
[Black "Splichal, Josef"]
[Result "1/2-1/2"]
[WhiteElo "2053"]
[BlackElo "2217"]
[PlyCount "60"]
[EventDate "2003.??.??"]
[EventType "corr"]
[EventRounds "2"]
[SourceDate "2005.03.12"]

1. e4 e5 2. Nf3 Nc6 3. Bb5 a6 4. Ba4 Nf6 5. O-O Nxe4 6. d4 b5 7. Bb3 d5 8. dxe5
Be6 9. Nbd2 Bc5 10. c3 O-O 11. Bc2 Bf5 12. Nb3 Bxf2+ 13. Rxf2 Nxf2 14. Kxf2
Bxc2 15. Qxc2 f6 16. e6 Qd6 17. Be3 Qxe6 18. Nbd4 Nxd4 19. Nxd4 Qe5 20. Nf3 Qe4
21. Qxe4 dxe4 22. Nd4 f5 23. Bf4 c5 24. Ne6 Rfc8 25. Rd1 Rc6 26. Nc7 Rf8 27.
Rd7 Rf7 28. Rd8+ Rf8 29. Rd7 Rf7 30. Rd8+ Rf8 1/2-1/2

[Event "MCR_CF282"]
[Site "?"]
[Date "2003.??.??"]
[Round "?"]
[White "Vladyka, Vaclav"]
[Black "Struzka, Vlastimil"]
[Result "1/2-1/2"]
[WhiteElo "2053"]
[BlackElo "2186"]
[PlyCount "121"]
[EventDate "2003.??.??"]
[EventType "corr"]
[EventRounds "2"]
[SourceDate "2005.03.12"]

1. e4 e6 2. d4 d5 3. Nd2 Nc6 4. Ngf3 Be7 5. e5 Nh6 6. c3 Nf5 7. Bd3 f6 8. exf6
Bxf6 9. O-O O-O 10. Qc2 g6 11. Re1 Re8 12. Nf1 e5 13. dxe5 Nxe5 14. Nxe5 Bxe5
15. Bd2 Bd7 16. Rad1 c5 17. Ng3 Nxg3 18. hxg3 Bc6 19. Be3 Qa5 20. Qb1 Qb6 21.
Bf4 Bg7 22. Qc2 Qa5 23. Qb1 Rad8 24. Rxe8+ Rxe8 25. Re1 Qd8 26. Qd1 b5 27.
Rxe8+ Qxe8 28. Bd6 c4 29. Bc2 Qd7 30. Bc5 a5 31. Qd2 Qe6 32. Kf1 b4 33. Bd4 Bf8
34. Qg5 a4 35. cxb4 Bxb4 36. Be5 Be7 37. Qf4 Bc5 38. Qg5 Be8 39. Qf4 Bb5 40.
Kg1 Bc6 41. Kf1 Qf7 42. Bf6 d4 43. Qb8+ Qe8 44. Qf4 Qd7 45. Qe5 Ba7 46. Be4
Bxe4 47. Qxe4 Kf7 48. Be5 Qb5 49. Bd6 c3+ 50. Kg1 Qd7 51. Qd5+ Qe6 52. Qf3+ Qf5
53. Qb7+ Ke6 54. Bf4 cxb2 55. Qxb2 Qd3 56. f3 Qc4 57. Qb7 Qc5 58. Qa6+ Bb6 59.
Qd3 Kf7 60. Kf1 h5 61. Kg1 1/2-1/2